Обмен опытом. №24: Универсальная головка к заточному станку (Запись № 3198719)

Подробности
000 -МАРКЕР
контрольное поле 01755nam2a22002771 4500
001 - ИДЕНТИФИКАТОР ЗАПИСИ
контрольное поле RU\NLR\INFOCOMM44\1000035077
005 - ИДЕНТИФИКАТОР ВЕРСИИ
контрольное поле 20250617112350.0
035 ## - ДРУГИЕ СИСТЕМНЫЕ НОМЕРА
Идентификатор записи (NLR Aleph) 002572085
100 ## - ДАННЫЕ ОБЩЕЙ ОБРАБОТКИ
Данные общей обработки 20040603d1956 |||y0rusy50 ca
101 0# - ЯЗЫК РЕСУРСА
Язык текста, звукозаписи и т.д. русский
102 ## - СТРАНА ПУБЛИКАЦИИ ИЛИ ПРОИЗВОДСТВА
Страна публикации Российская Федерация
105 ## - ПОЛЕ КОДИРОВАННЫХ ДАННЫХ: ТЕКСТОВЫЕ МАТЕРИАЛЫ, МОНОГРАФИЧЕСКИЕ
Кодированные данные о монографическом текстовом документе y |||||||||
200 1# - ЗАГЛАВИЕ И СВЕДЕНИЯ ОБ ОТВЕТСТВЕННОСТИ
Основное заглавие Универсальная головка к заточному станку
Первые сведения об ответственности Н.М. Чудаев
210 ## - ПУБЛИКАЦИЯ, РАСПРОСТРАНЕНИЕ И ДР.
Дата издания, распространения и т.д. 1956
Место издания, распространения и т.д. Б. м.
225 1# - СЕРИЯ
Основное заглавие серии Из опыта предприятий Министерства радиотехнической промышленности СССР
423 #1 - ИЗДАЕТСЯ В ОДНОЙ ОБЛОЖКЕ ВМЕСТЕ С ...
Встроенное поле 2001#$aПриспособление с гибким валом для нарезки резьбы на каркасах$fОсминкин К.Н.
-- 700#1$aОсминкин$bК.Н.
-- 210##$d1956
Заглавие Приспособление с гибким валом для нарезки резьбы на каркасах
Автор Осминкин, К.Н.
461 #0 - УРОВЕНЬ НАБОРА
Встроенное поле 001RU\NLR\INFOCOMM44\1000035052
-- 2001#$aОбмен опытом$eИнформационный листок стекольной промышленности$fМПСМ СССР. Техн. упр. Проектно-конструкторское бюро ВНИИСтекла$v№24
Системный номер (АБИС) связанной записи 3198599
Место публикации М.
Дата публикации 1956-1958
Первые сведения об ответственности МПСМ СССР. Техн. упр. Проектно-конструкторское бюро ВНИИСтекла
Имя издателя, распространителя и т.д. Промстройиздат
Сведения, относящиеся к заглавию Информационный листок стекольной промышленности
Заглавие Обмен опытом
Номер тома №24
700 #1 - ИМЯ ЛИЦА - ПЕРВИЧНАЯ ОТВЕТСТВЕННОСТЬ
Начальный элемент ввода Чудаев
Часть имени, кроме начального элемента ввода Н.М.
Код отношения Автор
801 #1 - ИСТОЧНИК ЗАПИСИ
Страна Российская Федерация
Организация InfoComm
Дата составления 20040603
801 #0 - ИСТОЧНИК ЗАПИСИ
Страна Российская Федерация
Организация NLR
Правила каталогизации PSBO
852 ## - МЕСТОНАХОЖДЕНИЕ И ШИФР ХРАНЕНИЯ
Идентификатор организации NLR
Шифр хранения (Call Number) П10/1520
942 ## - ДОПОЛНИТЕЛЬНЫЕ ЭЛЕМЕНТЫ ЗАПИСИ (АБИС)
Тип экземпляра АБИС Выпуск
980 ## - КОЛЛЕКЦИЯ
Название коллекции Национальная библиография
980 ## - КОЛЛЕКЦИЯ
Название коллекции Русская периодика

Нет доступных экземпляров.